| 000 | 01033nam a22002537a 4500 | ||
|---|---|---|---|
| 005 | 20170124103216.0 | ||
| 010 | _aB-236189 | ||
| 020 | _c495.00 | ||
| 035 | _aB-236189 | ||
| 037 | _bCen Lib/Ret | ||
| 040 |
_aDPL _bHN |
||
| 082 |
_a791.437 _bभारद्वा |
||
| 100 |
_aभारद्वाज, विनोद _999136 |
||
| 245 |
_aसिनेमा : _cविनोद भारद्वाज _bकल, आज, कल / |
||
| 246 |
_aCinema : kal, aaj , kal / _bby Vinod Bhardvaj |
||
| 260 |
_a नयी दिल्ली _bवाणी प्रकाशन _c2006 |
||
| 270 |
_b नयी दिल्ली _a21-ए, दरियागंज _e110002 |
||
| 300 |
_a515पृ. _c19सेमी(सजिल्द ) |
||
| 650 |
_aसिनेमा -- यथार्थ _x _z _999137 |
||
| 650 |
_aसिनेमा -- इतिहास _999138 |
||
| 650 |
_aCinema - reality _999139 |
||
| 650 |
_aCinema - History _999140 |
||
| 942 |
_2ddc _cHN _h791.437 _mभारद्वा |
||
| 999 |
_c121528 _d121528 |
||